Statistiques concernant Les joueurs de foot avec le plus de trophées

Cliquez ici pour prendre le quiz!

Statistiques générales

  • Ce quiz a été pris 305 fois
  • Le résultat moyen est 6 sur 14

Statistiques - réponses

NbRéponse% Correct
44Messi
99%
35Ronaldo
98%
43Dani Alves
73%
37Iniesta
63%
33Xavi
63%
33Benzema
50%
34Busquets
42%
35Pique
41%
33Muller
35%
32Ibrahimovic
23%
37Maxwell
10%
36Giggs
8%
34Baia
2%
35Dalglish
1%

Distribution des résultats

Percentile par nombre de réponses

% des personnes avec chaque résultat

Votre développement - résultats

Vous n’avez pas pris ce quiz